[Event "FIDE World Cup 2021"]
[Site "Krasnaya Polyana RUS"]
[Date "2021.07.18"]
[Round "3.1"]
[White "Artemiev, Vladislav"]
[Black "Gelfand, Boris"]
[Result "1/2-1/2"]
[WhiteTitle "GM"]
[BlackTitle "GM"]
[WhiteElo "2704"]
[BlackElo "2675"]
[WhiteFideId "24101605"]
[BlackFideId "2805677"]
[EventDate "2021.07.12"]

1. Nf3 c5 2. b3 Nf6 3. Bb2 d5 4. e3 g6 5. c4 dxc4 6. Bxc4 Bg7 7. O-O O-O 8. d4
cxd4 9. Nxd4 Bd7 10. Nd2 Nc6 11. N2f3 Qa5 12. a3 Rac8 13. Rc1 Nxd4 14. Qxd4 Bf5
15. Bc3 Qb6 16. Bb4 Rfe8 17. Qxb6 axb6 18. Bb5 Rxc1 19. Rxc1 Ra8 20. Bxe7 Nd5
21. Bd6 Nc3 22. Bc4 Rc8 23. Re1 b5 24. Bf1 Be6 25. Nd4 Bxd4 26. exd4 Bxb3 27.
Re3 Be6 28. h4 Nd5 29. Re1 Rd8 30. Be5 Bd7 31. Be2 Bc6 32. Bf3 Kf8 33. Kh2 Rd7
34. Bxd5 Rxd5 35. g4 h5 36. f3 Ke7 37. Bg7+ Kd8 38. Kg3 Rd6 39. Be5 Re6 40. g5
Bd5 41. Bf6+ Kd7 42. Rxe6 1/2-1/2

[Event "FIDE World Cup 2021"]
[Site "Krasnaya Polyana RUS"]
[Date "2021.07.18"]
[Round "3.1"]
[White "Bacrot, Etienne"]
[Black "Amin, Bassem"]
[Result "1/2-1/2"]
[WhiteTitle "GM"]
[BlackTitle "GM"]
[WhiteElo "2678"]
[BlackElo "2703"]
[WhiteFideId "605506"]
[BlackFideId "10601457"]
[EventDate "2021.07.12"]

1. e4 e5 2. Nf3 Nc6 3. Bb5 a6 4. Ba4 Nf6 5. O-O Be7 6. Re1 b5 7. Bb3 d6 8. c3
O-O 9. h3 Nb8 10. d4 Nbd7 11. c4 c6 12. Qc2 Bb7 13. a3 bxc4 14. Bxc4 d5 15. dxe5
Nxe4 16. Ba2 Ndc5 17. Nc3 Nxc3 18. bxc3 Ne6 19. Rb1 Qc7 20. Nd4 Rfd8 21. Qf5 Bc8
22. Qf3 g6 23. Be3 c5 24. Nc2 Rb8 25. Bxd5 Rxb1 26. Rxb1 Qxe5 27. c4 Qc3 28. Qe4
Bd6 29. Rd1 Nc7 30. Bd2 Qf6 31. Ne3 Re8 32. Qd3 Qe5 33. g3 Nxd5 34. Nxd5 Bf5 35.
Qf3 Qe2 36. Nf6+ Kh8 37. Qxe2 Rxe2 38. Bc3 Be5 39. Rd8+ Kg7 40. Ne8+ Kf8 41. Kf1
Ke7 42. Kxe2 Kxd8 1/2-1/2

[Event "FIDE World Cup 2021"]
[Site "Krasnaya Polyana RUS"]
[Date "2021.07.18"]
[Round "3.1"]
[White "Van Foreest, Jorden"]
[Black "Piorun, Kacper"]
[Result "0-1"]
[WhiteTitle "GM"]
[BlackTitle "GM"]
[WhiteElo "2688"]
[BlackElo "2608"]
[WhiteFideId "1039784"]
[BlackFideId "1130420"]
[EventDate "2021.07.12"]

1. e4 e5 2. Nf3 Nc6 3. Bb5 a6 4. Ba4 Nf6 5. O-O b5 6. Bb3 Bb7 7. d3 Be7 8. c4
O-O 9. Nc3 bxc4 10. Bxc4 d6 11. a3 Bc8 12. h3 Be6 13. Nd5 Na5 14. Nxf6+ Bxf6 15.
Bxe6 fxe6 16. Bd2 Nb7 17. Qb3 Nc5 18. Qc4 Qd7 19. b4 Na4 20. Rfc1 c5 21. Be3 d5
22. Qa2 d4 23. Bd2 Rfc8 24. Rc4 cxb4 25. Rxc8+ Qxc8 26. axb4 Nc3 27. Qb3 Qc6 28.
Kh2 Kf7 29. Rc1 Rc8 30. Qa3 h6 31. Ra1 Ra8 32. Qa5 Qd6 33. h4 h5 34. Bxc3 dxc3
35. b5 c2 36. Qc3 Qb6 37. bxa6 Qb1 38. Nd2 Qd1 39. Nb3 Bxh4 40. Qxe5 Bxf2 41.
Qf4+ Kg8 42. Qxf2 Qxa1 43. Nxa1 c1=Q 44. Nb3 Qc7+ 45. Qg3 Qxg3+ 46. Kxg3 Rxa6
47. Kh4 g6 48. g4 hxg4 49. Kxg4 Kf7 50. Nd2 Ra2 51. Nf3 Kf6 52. e5+ Ke7 53. Nh4
Kf7 54. Nf3 Ra1 55. d4 Rf1 56. Kg3 Ke7 57. Nh4 Rg1+ 58. Kf3 Kd7 59. Ng2 Rxg2 0-1

[Event "FIDE World Cup 2021"]
[Site "Krasnaya Polyana RUS"]
[Date "2021.07.18"]
[Round "3.1"]
[White "Praggnanandhaa, R"]
[Black "Krasenkow, Michal"]
[Result "1-0"]
[WhiteTitle "GM"]
[BlackTitle "GM"]
[WhiteElo "2608"]
[BlackElo "2591"]
[WhiteFideId "25059530"]
[BlackFideId "1113100"]
[EventDate "2021.07.12"]

1. e4 e5 2. Nf3 Nf6 3. Nxe5 d6 4. Nf3 Nxe4 5. Bd3 Nf6 6. O-O Be7 7. Re1 O-O 8.
Bf1 Re8 9. d4 c6 10. c4 Nbd7 11. Nc3 Nf8 12. h3 d5 13. Qb3 Qb6 14. cxd5 Qxb3 15.
axb3 Nxd5 16. Nxd5 cxd5 17. Bb5 Bd7 18. Bxd7 Nxd7 19. Ra5 Nf6 20. Bg5 Kf8 21.
Rb5 b6 22. Ra1 h6 23. Bxf6 Bxf6 24. Ra4 Rec8 25. g4 Ke7 26. Rxd5 Rc2 27. h4 g6
28. Rb5 Rxb2 29. g5 hxg5 30. hxg5 Bg7 31. Kg2 f6 32. d5 Kd6 33. Rc4 Rf8 34. Rc6+
Kd7 35. Rb4 fxg5 36. Ra4 a5 37. Rxb6 Bc3 38. Rc4 g4 39. Rxg4 g5 40. Rc4 g4 41.
Rxg4 Rb1 42. Rgg6 Ba1 43. Rb7+ Kc8 44. Rb5 Bf6 45. Nd2 1-0

[Event "FIDE World Cup 2021"]
[Site "Krasnaya Polyana RUS"]
[Date "2021.07.18"]
[Round "3.1"]
[White "Brkic, Ante"]
[Black "Salem, A.R. Saleh"]
[Result "1-0"]
[WhiteTitle "GM"]
[BlackTitle "GM"]
[WhiteElo "2592"]
[BlackElo "2682"]
[WhiteFideId "14506688"]
[BlackFideId "9301348"]
[EventDate "2021.07.12"]

1. e4 c6 2. Nc3 d5 3. Nf3 dxe4 4. Nxe4 Nf6 5. Qe2 Na6 6. Nxf6+ gxf6 7. d3 Qd5 8.
c4 Qd6 9. Be3 Bg7 10. Rd1 O-O 11. g3 Bg4 12. Bg2 f5 13. d4 Qb4+ 14. Rd2 Rad8 15.
O-O Rd7 16. h3 Bh5 17. g4 fxg4 18. Ne5 gxh3 19. Qxh5 hxg2 20. Kxg2 Rd6 21. Rh1
h6 22. Rh3 f5 23. Rg3 Kh7 24. Nf7 Qxc4 25. Qxf5+ Kg8 26. Nxd6 1-0

[Event "FIDE World Cup 2021"]
[Site "Krasnaya Polyana RUS"]
[Date "2021.07.18"]
[Round "3.1"]
[White "Korobov, Anton"]
[Black "Georgiev, Kiril"]
[Result "1-0"]
[WhiteTitle "GM"]
[BlackTitle "GM"]
[WhiteElo "2683"]
[BlackElo "2594"]
[WhiteFideId "14105730"]
[BlackFideId "2900017"]
[EventDate "2021.07.12"]

1. d4 Nf6 2. c4 e6 3. Nc3 Bb4 4. Qc2 O-O 5. Nf3 c5 6. dxc5 Na6 7. g3 Nxc5 8. Bg2
Nce4 9. O-O Nxc3 10. bxc3 Be7 11. e4 d6 12. e5 dxe5 13. Nxe5 Qc7 14. Qe2 Nd7 15.
Bf4 Nxe5 16. Bxe5 Bd6 17. Bxd6 Qxd6 18. Rab1 Rb8 19. Rfd1 Qc7 20. Qd3 b6 21. Qd6
Qxd6 22. Rxd6 Bb7 23. Rd7 Bxg2 24. Kxg2 Ra8 25. Rbd1 Rfc8 26. R1d4 g5 27. h4 Rc5
28. hxg5 Rxg5 29. Rf4 Rf5 30. Rxf5 exf5 31. Rc7 Kg7 32. c5 bxc5 33. Rxc5 Kg6 34.
Kf3 f6 35. c4 Re8 36. Rc7 a5 37. c5 Re4 38. c6 Rc4 39. Ke3 f4+ 40. Kd3 fxg3 41.
fxg3 Rc1 42. Kd4 a4 43. Kd5 Rd1+ 44. Kc4 Rc1+ 45. Kb5 Kf5 46. Rxh7 Ke6 47. c7 1-0

[Event "FIDE World Cup 2021"]
[Site "Krasnaya Polyana RUS"]
[Date "2021.07.18"]
[Round "3.1"]
[White "Navara, David"]
[Black "Durarbayli, Vasif"]
[Result "1/2-1/2"]
[WhiteTitle "GM"]
[BlackTitle "GM"]
[WhiteElo "2675"]
[BlackElo "2625"]
[WhiteFideId "309095"]
[BlackFideId "13402935"]
[EventDate "2021.07.12"]

1. e4 e5 2. Nf3 Nc6 3. Bb5 a6 4. Ba4 Nf6 5. O-O Be7 6. Re1 b5 7. Bb3 O-O 8. a4
Bb7 9. d3 d6 10. Bd2 h6 11. Nc3 Na5 12. Ba2 b4 13. Nd5 Nxd5 14. exd5 c5 15. c3
b3 16. Bxb3 Nxb3 17. Qxb3 Rb8 18. Qa2 Bc8 19. b4 cxb4 20. cxb4 Bg4 21. Re3 Qb6
22. a5 Qb5 23. h3 Bf5 24. Nxe5 dxe5 25. Rxe5 Bf6 26. Rxf5 Bxa1 27. Qxa1 Qxd3 28.
Bxh6 f6 29. Rg5 Rb7 30. Rg4 Qxd5 31. Be3 Qe6 32. Bb6 Rd7 33. Qf1 Rc8 34. Kh2
Qd6+ 35. g3 Qc6 36. Qe2 f5 37. Rh4 Rd6 38. Bc5 Re6 39. Qd3 Re1 40. Qc4+ Qe6 41.
Qxe6+ Rxe6 42. Rd4 Rc7 43. Kg2 Kf7 44. Kf3 Kf6 45. Rd8 Rb7 46. h4 g6 47. Rd5 Re4
48. Rd6+ Re6 49. Rd4 g5 50. hxg5+ Kxg5 51. Rd5 Kg6 52. Rd8 Rc7 53. Rd4 Rh7 54.
Kf4 Rh1 55. Rd8 Re4+ 56. Kf3 Re6 57. Rg8+ Kf7 58. Rb8 Kg6 59. Rb6 Re1 60. Be3
Kf6 61. Kf4 Rd1 62. Rb8 Re4+ 63. Kf3 Rd5 64. Rb6+ Re6 65. Rb7 Rc6 66. Rh7 Re6
67. Rh4 Kg6 68. Rc4 Kf6 69. Kf4 Kg6 70. Bb6 Rd3 71. f3 Rb3 72. Rd4 Rc3 73. Bc5
Kf6 74. Rd7 Rc4+ 75. Bd4+ Kg6 76. Rg7+ Kh6 77. Rd7 Kg6 78. g4 fxg4 79. fxg4 Rf6+
80. Kg3 Rf1 81. Rd6+ Kf7 82. g5 Rxb4 83. g6+ Ke7 84. Bc5 Rb5 85. Rd1+ Rxc5 86.
Rxf1 Rg5+ 87. Kf4 1/2-1/2

[Event "FIDE World Cup 2021"]
[Site "Krasnaya Polyana RUS"]
[Date "2021.07.18"]
[Round "3.1"]
[White "Gareyev, Timur"]
[Black "Fedoseev, Vladimir3"]
[Result "0-1"]
[WhiteTitle "GM"]
[BlackTitle "GM"]
[WhiteElo "2596"]
[BlackElo "2696"]
[WhiteFideId "14200937"]
[BlackFideId "24130737"]
[EventDate "2021.07.12"]

1. d4 d5 2. c4 c6 3. Nf3 Nf6 4. Nc3 dxc4 5. a4 Bf5 6. e3 e6 7. Bxc4 Bb4 8. O-O
Nbd7 9. Qe2 Bg6 10. e4 Bxc3 11. bxc3 Nxe4 12. Ba3 Qc7 13. Rfe1 O-O-O 14. a5 Kb8
15. Be7 Rde8 16. Bh4 Ka8 17. Qb2 Nd6 18. Bf1 Nf5 19. Bg5 f6 20. Bc1 e5 21. dxe5
fxe5 22. Nd2 Bf7 23. Qb1 Nd6 24. Ba3 c5 25. Qd3 Qc6 26. Rad1 Bg6 27. Ne4 Re6 28.
f3 Nf6 29. g3 Nfxe4 30. fxe4 Bxe4 31. Qe3 Bf3 32. Rd2 Rc8 33. Rf2 Rf6 34. Bh3
Re8 35. Qxc5 Qxc5 36. Bxc5 Ne4 37. Rxf3 Nxc5 38. Rxf6 gxf6 39. Bf5 h6 40. Rd1
Rf8 41. Rb1 Kb8 42. Rb4 Kc7 43. Rh4 Rh8 44. Rg4 Kc6 45. Rg6 Kb5 46. Rxf6 Kxa5
47. Kf2 Ka4 48. Rf7 a5 49. Ke2 Kb3 50. Rc7 b6 51. Rc6 Rb8 52. Rxh6 a4 53. Bg6 a3
54. Bf7+ Kb2 55. Ke3 Nb3 56. Rf6 Kxc3 57. Ke4 Nc5+ 58. Ke3 Rf8 59. Rf2 b5 60. g4
Rxf7 61. Rxf7 a2 62. Rf1 b4 63. g5 b3 64. g6 Ne6 0-1

[Event "FIDE World Cup 2021"]
[Site "Krasnaya Polyana RUS"]
[Date "2021.07.18"]
[Round "3.1"]
[White "Shankland, Sam"]
[Black "Areshchenko, Alexander"]
[Result "1/2-1/2"]
[WhiteTitle "GM"]
[BlackTitle "GM"]
[WhiteElo "2709"]
[BlackElo "2687"]
[WhiteFideId "2004887"]
[BlackFideId "14109530"]
[EventDate "2021.07.12"]

1. e4 e5 2. Nf3 Nc6 3. Bb5 a6 4. Ba4 Nf6 5. O-O Nxe4 6. d4 b5 7. Bb3 d5 8. dxe5
Be6 9. Be3 Be7 10. c3 O-O 11. Nbd2 Bg4 12. h3 Bh5 13. Nxe4 dxe4 14. Qd5 Qxd5 15.
Bxd5 exf3 16. Bxc6 fxg2 17. Rfc1 Rab8 18. b4 f6 19. e6 f5 20. Re1 f4 21. Ba7
Rbd8 22. Kxg2 Rf5 23. Bd4 Kf8 24. a4 Be8 25. axb5 axb5 26. Bxe8 Rxe8 27. Kf3 Rh5
28. Kxf4 Rxh3 29. Be5 Bd6 30. Bxd6+ cxd6 31. Ra5 Rxc3 32. Rxb5 Rc4+ 33. Kg3 Ke7
34. Rb7+ Kf6 35. b5 Re7 36. Rd7 Rb4 37. Rxd6 Rxb5 38. f4 Rb3+ 39. Kf2 g6 40. Re5
h6 41. Ra5 Rc7 42. Ra2 Re7 43. Ra5 Rc7 44. Ra2 Kf5 45. e7 Rxe7 46. Ra5+ Kxf4 47.
Rf6+ Ke4 48. Rxg6 Rf7+ 49. Kg2 Rb2+ 50. Kh3 Rf3+ 51. Rg3 1/2-1/2

[Event "FIDE World Cup 2021"]
[Site "Krasnaya Polyana RUS"]
[Date "2021.07.18"]
[Round "3.1"]
[White "Wojtaszek, Radoslaw"]
[Black "Matlakov, Maxim"]
[Result "1/2-1/2"]
[WhiteTitle "GM"]
[BlackTitle "GM"]
[WhiteElo "2691"]
[BlackElo "2688"]
[WhiteFideId "1118358"]
[BlackFideId "4168003"]
[EventDate "2021.07.12"]

1. d4 Nf6 2. c4 e6 3. Nf3 d5 4. g3 Be7 5. Bg2 O-O 6. O-O dxc4 7. Qc2 a6 8. a4
Bd7 9. Qxc4 Bc6 10. Bg5 Nbd7 11. Nc3 h6 12. Bxf6 Nxf6 13. a5 Qd6 14. Rfd1 Rfd8
15. Qd3 Bf8 16. e3 Rab8 17. Qc2 Qe7 18. h4 Rbc8 19. Qe2 Bd5 20. Nxd5 exd5 21.
Bh3 Rb8 22. Ne5 Qe8 23. h5 Bd6 24. Nd3 Qe7 25. Rdc1 c6 26. Bf5 Kh8 27. Kg2 Re8
28. Rab1 Bb4 29. Ra1 Bd6 30. Rab1 Bb4 31. Ra1 1/2-1/2